guess the taylor swift song with no hints - Statistics

General Stats
  • This quiz has been taken 3,140 times
  • The average score is 153 of 238
Answer Stats
Answer % Correct
i
99%
mercurial
99%
a
98%
clandestine
97%
you
96%
the
93%
and
91%
me
91%
your
83%
it
81%
on
81%
when
81%
in
79%
be
78%
that
76%
can
74%
no
74%
they
74%
you're
74%
for
72%
don't
71%
this
71%
with
70%
see
69%
what
69%
at
68%
know
68%
so
68%
are
67%
can't
66%
time
66%
like
64%
look
64%
baby
63%
but
63%
one
61%
thing
61%
affairs
60%
call
60%
illicit
60%
would
60%
about
59%
just
59%
made
59%
out
58%
by
57%
him
57%
it's
57%
kid
57%
little
57%
million
57%
times
57%
show
56%
that's
56%
well
56%
anyone
55%
meetings
55%
tell
55%
else
54%
mess
54%
colors
52%
showed
52%
fool
51%
friends
51%
leave
51%
lie
51%
myself
51%
damn
50%
idiotic
50%
scream
50%
secret
50%
speak
50%
wanna
50%
down
49%
language
49%
ruin
49%
run
48%
stares
48%
take
48%
their
48%
you'll
48%
godforsaken
47%
single
47%
always
45%
dies
45%
even
45%
eyes
45%
make
45%
taught
45%
from
44%
head
43%
lots
43%
only
43%
parking
43%
return
43%
high
42%
keep
42%
longing
42%
perfume
42%
first
41%
flushed
41%
shelf
41%
stolen
41%
beautiful
40%
behind
40%
ends
40%
exist
40%
over
40%
picked
40%
rooms
40%
started
40%
stop
40%
trace
40%
truth
40%
hundred
39%
sees
39%
sure
39%
few
38%
less
38%
nobody
38%
road
38%
words
38%
yourself
38%
drug
35%
traveled
35%
hood
34%
worked
34%
glance
33%
born
32%
clandestine
31%
dwindling
27%
No matching quizzes found
Score Distribution
Percent of People with Each Score
Percentile by Number Answered
Your Score History
You have not taken this quiz